Detalles MARC
| 000 -CABECERA |
| Longitud fija campo de control |
01795nas a2200517 c 4500 |
| 001 - NÚMERO DE CONTROL |
| Número de control |
25141 |
| 003 - IDENTIFICADOR DE NÚMERO DE CONTROL |
| Identificador del número de control |
ES-MaCES |
| 005 - FECHA Y HORA DE LA ÚLTIMA TRANSACCIÓN |
| Fecha y hora de la última transacción |
20160415200832.0 |
| 007 - PHYSICAL DESCRIPTION FIXED FIELD--GENERAL INFORMAT |
| Campo fijo de descripción física |
cr ||||||||||| |
| 008 - CAMPO FIJO DE DESCRIPCIÓN FIJA--INFORMACIÓN GENERAL |
| Códigos de información de longitud fija |
960425u1900 ne | | |eng d |
| 035 ## - NÚMERO DE CONTROL DEL SISTEMA |
| Número de control del sistema |
CES19980001214p |
| Número de control cancelado;no válido |
10123 |
| 040 ## - FUENTE DE CATALOGACIÓN |
| Centro catalogador de origen |
ES-MaCES |
| Lengua de catalogación |
spa |
| Centro transcriptor |
ES-MaCES |
| 041 0# - CÓDIGO DE IDIOMA |
| Código de lengua del texto;banda sonora o título independiente |
eng |
| -- |
fre |
| 245 00 - MENCIÓN DE TÍTULO |
| Título |
EIPASCOPE |
| 260 ## - PUBLICACIÓN, DISTRIBUCIÓN, ETC (PIE DE IMPRENTA) |
| Lugar de publicación, distribución, etc. |
Maastricht (P.O. Box 1229, 6201 BE) |
| Nombre del editor, distribuidor, etc. |
Institut européen d'administration publique |
| 300 ## - DESCRIPCIÓN FÍSICA |
| Extensión |
v. |
| Otras características físicas |
il. col. |
| Dimensiones |
30 cm |
| 310 ## - PERIODICIDAD ACTUAL DE LA PUBLICACIÓN |
| Periodicidad actual |
Cuatrimestral |
| 500 ## - NOTA GENERAL |
| Nota general |
Continúa ed. electrónica en la web www.eipa.eu |
| 500 ## - NOTA GENERAL |
| Nota general |
Textos en inglés y francés |
| 500 ## - NOTA GENERAL |
| Nota general |
Descripción basada en: 1993, no. 2 |
| 500 ## - NOTA GENERAL |
| Nota general |
Tít. tomado de la cub. |
| 541 ## - NOTA DE LA FUENTE INMEDIANTE DE ADQUISICIÓN |
| Forma de adquisición |
Gratuito |
| 592 ## - CES. NOTA ESTADO DE LA PUBLICACIÓN |
| Estado publicación |
Cancelada |
| 610 24 - ASIENTO SECUNDARIO DE MATERIA--NOMBRE CORPORATIVO |
| Nombre de entidad corporativa o nombre de jurisdicción como elemento inicial |
Institut européen d'administration publique |
| 9 (RLIN) |
4090 |
| 650 #4 - ASIENTO SECUNDARIO DE MATERIA--TÉRMINO DE MATERIA |
| Término de materia o nombre geográfico como elemento inicial |
informe de actividades |
| 9 (RLIN) |
28984 |
| 650 #4 - ASIENTO SECUNDARIO DE MATERIA--TÉRMINO DE MATERIA |
| Término de materia o nombre geográfico como elemento inicial |
boletín de información |
| 9 (RLIN) |
30351 |
| 650 #4 - ASIENTO SECUNDARIO DE MATERIA--TÉRMINO DE MATERIA |
| Término de materia o nombre geográfico como elemento inicial |
organización institucional |
| 9 (RLIN) |
27196 |
| 650 #4 - ASIENTO SECUNDARIO DE MATERIA--TÉRMINO DE MATERIA |
| Término de materia o nombre geográfico como elemento inicial |
cooperación regional |
| 9 (RLIN) |
26636 |
| 650 #4 - ASIENTO SECUNDARIO DE MATERIA--TÉRMINO DE MATERIA |
| Término de materia o nombre geográfico como elemento inicial |
gobierno regional |
| 9 (RLIN) |
29907 |
| 650 #4 - ASIENTO SECUNDARIO DE MATERIA--TÉRMINO DE MATERIA |
| Término de materia o nombre geográfico como elemento inicial |
gobierno central |
| 9 (RLIN) |
27216 |
| 650 #4 - ASIENTO SECUNDARIO DE MATERIA--TÉRMINO DE MATERIA |
| Término de materia o nombre geográfico como elemento inicial |
Estado miembro |
| 9 (RLIN) |
26701 |
| 650 #4 - ASIENTO SECUNDARIO DE MATERIA--TÉRMINO DE MATERIA |
| Término de materia o nombre geográfico como elemento inicial |
reforma administrativa |
| 9 (RLIN) |
27223 |
| 650 #4 - ASIENTO SECUNDARIO DE MATERIA--TÉRMINO DE MATERIA |
| Término de materia o nombre geográfico como elemento inicial |
modernización |
| 9 (RLIN) |
27016 |
| 650 #4 - ASIENTO SECUNDARIO DE MATERIA--TÉRMINO DE MATERIA |
| Término de materia o nombre geográfico como elemento inicial |
sector público |
| 9 (RLIN) |
27150 |
| 650 #4 - ASIENTO SECUNDARIO DE MATERIA--TÉRMINO DE MATERIA |
| Término de materia o nombre geográfico como elemento inicial |
administración pública |
| 9 (RLIN) |
27214 |
| 653 10 - TÉRMINO DE INDEXACIÓN--NO CONTROLADO |
| Término no controlado |
Administración-Instituciones públicas |
| 650 #4 - ASIENTO SECUNDARIO DE MATERIA--TÉRMINO DE MATERIA |
| 9 (RLIN) |
26752 |
| Término de materia o nombre geográfico como elemento inicial |
UE |
| 710 2# - ENCABEZAMIENTO SECUNDARIO--NOMBRE CORPORATIVO |
| Nombre de entidad o nombre de jurisdicción como elemento inicial |
Institut européen d'administration publique |
| Término indicativo de función |
ed. |
| 9 (RLIN) |
4090 |
| 853 21 - LEYENDAS Y PATRÓN--UNIDAD BIBLIOGRÁFICA BÁSICA |
| Segundo nivel de enumeración |
n. |
| Primer nivel de cronología |
año |
| Continuidad en la numeración |
r |
| Frecuencia |
t |
| Patrón de regularidad |
pm04,08,12 |
| 854 21 - LEYENDAS Y PATRÓN--MATERIAL SUPLEMENTARIO |
| Segundo nivel de enumeración |
suppl. no. |
| Primer nivel de cronología |
año |
| Continuidad en la numeración |
r |
| Frecuencia |
x |
| 856 4# - ACCESO ELECTRÓNICO |
| Identificador Uniforme del Recurso (URI) |
<a href="http://www.eipa.eu/en/eipascope/">http://www.eipa.eu/en/eipascope/</a> |
| Texto del enlace |
texto completo |
| 866 #0 - FUENTES TEXTUALES--UNIDAD BIBLIOGRÁFICA BÁSICA |
| Holdings textuales |
(1993) 1994-2007 (2008). |
| Nota pública |
Ubicación: DEPÓSITO - 10123 |
| 905 ## - CES. DATOS REVISTA |
| Boletín de sumarios (Sirtex 591$a) |
Boletín D |
| Kardex |
SÍ |
| Abreviatura boletín |
Eipa |
| Proceso |
+ |
| 942 ## - ELEMENTOS KOHA |
| Fuente de clasificaión o esquema |
Clasificación propia del CES |
| Koha [por defecto] tipo de item |
Periódicas |
| Parte de clasificación |
6.3. |